| 000 | 01133nam a2200289 a 4500 | ||
|---|---|---|---|
| 008 | |||
| 020 | _a0521322715 (cased) | ||
| 049 | _aMAIN | ||
| 090 | _aQH359 | ||
| 245 | 0 | 0 |
_aMolecules and morphology in evolution : _bconflict or compromise? / _cedited by Colin Patterson. |
| 260 |
_aCambridge : _bCambridge University Press, _c1987. |
||
| 300 |
_ax, 229 p. : _bill. ; _c24 cm. |
||
| 500 | _aPapers presented at the Third International Congress of Systematic and Evolutionary Biology, held at the University of Sussex, 4-11 July 1985. | ||
| 504 | _aIncludes bibliographical references. | ||
| 500 | _aIncludes index. | ||
| 650 | 0 |
_aEvolution (Biology) _vCongresses. |
|
| 650 | 0 |
_aMolecular evolution _vCongresses. |
|
| 650 | 2 |
_aEvolution _vcongresses. |
|
| 650 | 2 |
_aMolecular Biology _vcongresses. |
|
| 700 | 1 | _aPatterson, Colin. | |
| 711 | 2 |
_aInternational Congress of Systematic and Evolutionary Biology _n(3rd : _d1985 : _cUniversity of Sussex) |
|
| 907 |
_a.b1004999x _b06-09-04 _c17-04-03 |
||
| 003 | |||
| 005 | 20230123133223.0 | ||
| 040 | _cNUST | ||
| 942 |
_cBOOKS _kQH359 |
||
| 999 |
_c144813 _d144813 |
||